Marcatori dei Paesi Bassi agli Europei - Germania Ovest 1988 - Statistics

Statistiche generali
  • Questo quiz è stato fatto 4 volte
  • Il punteggio medio è 7 su 8
Statistiche sulle risposte
Partita Minuto Marcatore % Corretto
Inghilterra - Paesi Bassi 1-3 44' Marco van Basten
100%
Inghilterra - Paesi Bassi 1-3 71' Marco van Basten
100%
Inghilterra - Paesi Bassi 1-3 75' Marco van Basten
100%
Germania Ovest - Paesi Bassi 1-2 88' Marco van Basten
100%
Unione Sovietica- Paesi Bassi 0-2 54' Marco van Basten
100%
Unione Sovietica- Paesi Bassi 0-2 32' Ruud Gullit
100%
Germania Ovest - Paesi Bassi 1-2 74' Ronald Koeman
50%
Irlanda - Paesi Bassi 0-1 82' Wim Kieft
0%
Nessun quiz corrispondente trovato
Distribuzione punteggi
Percentuale di utenti per punteggio
Percentile per numero di risposta
I tuoi punteggi nel tempo
Non hai fatto questo quiz